<?xml version="1.0" encoding="UTF-8"?>
<record
    xmlns:xsi="http://www.w3.org/2001/XMLSchema-instance"
    xsi:schemaLocation="http://www.loc.gov/MARC21/slim http://www.loc.gov/standards/marcxml/schema/MARC21slim.xsd"
    xmlns="http://www.loc.gov/MARC21/slim">

  <leader>01212na  a2200337   4500</leader>
  <controlfield tag="001">15252</controlfield>
  <controlfield tag="003">MIRAKIL</controlfield>
  <controlfield tag="005">20181213154738.0</controlfield>
  <controlfield tag="008">161025b        tu            000 0      </controlfield>
  <datafield tag="020" ind1=" " ind2=" ">
    <subfield code="a">9751938627 (c.3)</subfield>
  </datafield>
  <datafield tag="020" ind1=" " ind2=" ">
    <subfield code="a">9751938619 (c.2)</subfield>
  </datafield>
  <datafield tag="020" ind1=" " ind2=" ">
    <subfield code="a">9751938600 (c.1)</subfield>
  </datafield>
  <datafield tag="020" ind1=" " ind2=" ">
    <subfield code="a">9751938597 (tk)</subfield>
  </datafield>
  <datafield tag="035" ind1=" " ind2=" ">
    <subfield code="a">15252</subfield>
  </datafield>
  <datafield tag="040" ind1=" " ind2=" ">
    <subfield code="a">Milas</subfield>
    <subfield code="b">tur</subfield>
    <subfield code="c">TR-AnCHP</subfield>
  </datafield>
  <datafield tag="041" ind1=" " ind2=" ">
    <subfield code="a">tur</subfield>
  </datafield>
  <datafield tag="082" ind1=" " ind2=" ">
    <subfield code="a">327.4704792</subfield>
    <subfield code="b">O75 2006</subfield>
  </datafield>
  <datafield tag="090" ind1=" " ind2=" ">
    <subfield code="a">327.4704792 O75 2006</subfield>
  </datafield>
  <datafield tag="245" ind1=" " ind2=" ">
    <subfield code="a">Osmanl&#x131; belgelerinde Ermeni-Rus ili&#x15F;kileri</subfield>
    <subfield code="c">Yay&#x131;na haz&#x131;rlayanlar Recep Karacakaya ...[ve &#xF6;te.]</subfield>
  </datafield>
  <datafield tag="260" ind1=" " ind2=" ">
    <subfield code="a">Ankara</subfield>
    <subfield code="b">Ba&#x15F;bakanl&#x131;k Devlet Ar&#x15F;ivleri Genel M&#xFC;d&#xFC;rl&#xFC;&#x11F;&#xFC;</subfield>
    <subfield code="c">2006</subfield>
  </datafield>
  <datafield tag="300" ind1=" " ind2=" ">
    <subfield code="a">435 s.</subfield>
    <subfield code="c">25 sm.</subfield>
  </datafield>
  <datafield tag="490" ind1=" " ind2=" ">
    <subfield code="a">Ba&#x15F;bakanl&#x131;k Devlet Ar&#x15F;ivleri Genel M&#xFC;d&#xFC;rl&#xFC;&#x11F;&#xFC; Osmanl&#x131; Ar&#x15F;ivi Daire Ba&#x15F;kanl&#x131;&#x11F;&#x131;</subfield>
    <subfield code="v">78</subfield>
  </datafield>
  <datafield tag="500" ind1=" " ind2=" ">
    <subfield code="a">Yap&#x131;t Osmanl&#x131; T&#xFC;rk&#xE7;esi metinler i&#xE7;erir.</subfield>
  </datafield>
  <datafield tag="650" ind1=" " ind2=" ">
    <subfield code="a">Ermeni sorunu</subfield>
    <subfield code="x">Kaynaklar</subfield>
  </datafield>
  <datafield tag="650" ind1=" " ind2=" ">
    <subfield code="a">Osmanl&#x131; &#x130;mparatorlu&#x11F;u</subfield>
    <subfield code="x">Ermeniler</subfield>
  </datafield>
  <datafield tag="650" ind1=" " ind2=" ">
    <subfield code="a">Ermeniler</subfield>
    <subfield code="x">Uluslararas&#x131; ili&#x15F;kiler</subfield>
    <subfield code="y">Ruslar</subfield>
  </datafield>
  <datafield tag="651" ind1=" " ind2=" ">
    <subfield code="a">Rusya</subfield>
    <subfield code="x">Uluslararas&#x131; ili&#x15F;kiler</subfield>
    <subfield code="y">Kaynaklar</subfield>
    <subfield code="z">Ermenistan</subfield>
  </datafield>
  <datafield tag="651" ind1=" " ind2=" ">
    <subfield code="a">Ermenistan</subfield>
    <subfield code="x">Uluslararas&#x131; ili&#x15F;kiler</subfield>
    <subfield code="y">Kaynaklar</subfield>
    <subfield code="z">Rusya</subfield>
  </datafield>
  <datafield tag="700" ind1=" " ind2=" ">
    <subfield code="a">Karacakaya, Recep</subfield>
  </datafield>
  <datafield tag="942" ind1=" " ind2=" ">
    <subfield code="2">ddc</subfield>
    <subfield code="c">BKS</subfield>
  </datafield>
  <datafield tag="952" ind1=" " ind2=" ">
    <subfield code="a">0001</subfield>
    <subfield code="b">0001</subfield>
    <subfield code="d">2016-09-06</subfield>
    <subfield code="e">2</subfield>
    <subfield code="l">0</subfield>
    <subfield code="o">327.4704792 O75 2006</subfield>
    <subfield code="p">005026</subfield>
    <subfield code="r">2016-09-06 00:00:00</subfield>
    <subfield code="v">0.00</subfield>
    <subfield code="w">2016-09-06</subfield>
    <subfield code="y">BKS</subfield>
  </datafield>
  <datafield tag="952" ind1=" " ind2=" ">
    <subfield code="a">0001</subfield>
    <subfield code="b">0001</subfield>
    <subfield code="d">2016-10-19</subfield>
    <subfield code="e">2</subfield>
    <subfield code="l">0</subfield>
    <subfield code="o">327.4704792 O75 2006</subfield>
    <subfield code="p">005027</subfield>
    <subfield code="r">2016-10-19 00:00:00</subfield>
    <subfield code="v">0.00</subfield>
    <subfield code="w">2016-10-19</subfield>
    <subfield code="y">BKS</subfield>
  </datafield>
  <datafield tag="952" ind1=" " ind2=" ">
    <subfield code="a">0002</subfield>
    <subfield code="b">0002</subfield>
    <subfield code="d">2016-10-19</subfield>
    <subfield code="e">2</subfield>
    <subfield code="l">0</subfield>
    <subfield code="o">327.4704792 O75 2006</subfield>
    <subfield code="p">P00693</subfield>
    <subfield code="r">2016-10-19 00:00:00</subfield>
    <subfield code="w">2016-10-19</subfield>
    <subfield code="y">BKS</subfield>
  </datafield>
  <datafield tag="999" ind1=" " ind2=" ">
    <subfield code="c">197</subfield>
    <subfield code="d">197</subfield>
  </datafield>
</record>
